A short history of opera

Na minha lista:
Detalhes bibliográficos
Autor principal: Grout, Donald Jay (Author)
Formato: Livro
Idioma:inglês
Publicado em: Nueva York Columbia University 1947
Assuntos:
Tags: Adicionar Tag
Sem tags, seja o primeiro a adicionar uma tag!

MARC

LEADER 00000nam a2200000 a 4500
001 UCN2923
003 CL-VaPUC
008 010615e19470000US |||||||||||||||||eng|d
082 0 4 |a 782.109  |b GRO  |2 21 
100 |a Grout, Donald Jay  |e author  |9 611973 
245 1 2 |a A short history of opera 
300 |a 711 p 
942 |c BK 
945 |d 20010615 00:00:00  |a crobeson 
260 |a Nueva York  |b Columbia University  |c 1947 
650 7 |a OPERA  |2 CL-VaPUC  |9 459212 
650 7 |a MUSICA HISTORIA  |2 CL-VaPUC  |9 306301 
650 0 |a Óperas, argumentos, tramas, etc.  |9 306494 
650 0 |a Música vocal   |9 306287 
583 |a last modification  |c 20010615 00:00:00  |k Rodrigo Vera 
999 |c 295939  |d 295937 
952 |0 0  |1 0  |4 0  |6 782_109000000000000_GRO_1947  |7 0  |8 A  |9 349392  |a BIBEDU  |b BIBEDU  |d 2019-11-20  |i 1186280  |o 782.109 GRO 1947  |p 1186280  |r 2022-01-17  |w 2019-11-20  |y BK  |k MUS